40 Biggest Cities in the World in 2100 with exceptions - Statistics

General Stats
  • This quiz has been taken 241 times
    213 since last reset
  • The average score is 30 of 40
Answer Stats
Population City % Correct
30.2 m New York
98%
9.6 m London
96%
11.9 m Paris
96%
19.8 m Rio de Janeiro
96%
20.0 m Los Angeles
95%
22.2 m Mexico City
95%
19.1 m Sao Paulo
95%
6.9 m Madrid
94%
14.5 m Chicago
92%
8.4 m Moscow
92%
11.2 m Bogota
91%
16.8 m Buenos Aires
91%
12.8 m Lima
90%
9.2 m Miami
89%
6.3 m Santiago, BR
89%
6.2 m Santiago, CL
89%
7.4 m Houston
86%
7.9 m Dallas
85%
5.7 m San Francisco-Oakland
85%
6.7 m Sydney
84%
8.3 m Toronto
84%
7.2 m Washington D.C.
84%
7.4 m Boston
83%
6.1 m Barcelona
82%
14.8 m Istanbul
81%
5.9 m Melbourne
80%
7.5 m Atlanta
79%
9.0 m Philadelphia
79%
5.8 m Montreal
75%
5.3 m Guadalajara
70%
4.8 m Medellín
70%
6.0 m Belo Horizonte
69%
5.9 m Phoenix
69%
6.7 m Detroit
66%
4.9 m Porto Alegre
56%
5.3 m Guatemala City
55%
5.2 m Guadalupe
2%
5.7 m Tlaquepaque
1%
5.7 m Tonalá
1%
5.7 m Zapopan
1%
No matching quizzes found
Score Distribution
Percent of People with Each Score
Percentile by Number Answered
Your Score History
You have not taken this quiz since the last reset